Villes du Benelux en images - Statistiques

Statistiques générales
  • Ce quiz a été pris 50 fois
  • Le résultat moyen est 8 sur 48
Statistiques - réponses
Par images Réponse % Correct
Amsterdam
93%
Bruges
74%
Bruxelles
61%
Anvers
52%
Namur
52%
Ostende
46%
Tournai
41%
Rotterdam
39%
Gand
37%
Luxembourg
28%
Charleroi
26%
Ypres
26%
Louvain
24%
Mons
24%
Seraing
24%
Utrecht
24%
Liège
22%
La Haye
20%
Zandvoort
13%
Eindhoven
11%
Anderlecht
9%
Haarlem
9%
Alost
7%
Dordrecht
7%
Leyde
7%
Maastricht
7%
Spa
7%
Almere
4%
Bois-le-Duc
4%
Bréda
4%
Courtrai
4%
Enschede
4%
Groningue
4%
Hasselt
4%
Malines
4%
Amersfoort
2%
Apeldoorn
2%
Nimègue
2%
Tilbourg
2%
Zwolle
2%
Arnhem
0%
Differdange
0%
Dudelange
0%
Esch-sur-Alzette
0%
Ettelbruck
0%
Eupen
0%
Middelbourg
0%
Saint-Nicolas
0%
Aucun quiz correspondant
Distribution des résultats
% des personnes avec chaque résultat
Percentile par nombre de réponses
Votre historique - résultats
Vous n’avez pas pris ce quiz